Keyakizaka46 Members - Statistics

General Stats
  • This quiz has been taken 72 times
  • The average score is 27 of 32
Answer Stats
Member % Correct
Watanabe Risa
98%
Nagahama Neru
96%
Watanabe Rika
96%
Imaizumi Yui
94%
Hirate Yurina
92%
Moriya Akane
92%
Oda Nana
92%
Saito Fuyuka
92%
Habu Mizuho
90%
Kobayashi Yui
90%
Koike Minami
90%
Sugai Yuuka
90%
Nagasawa Nanako
88%
Ozeki Rika
88%
Shida Manaka
88%
Harada Aoi
86%
Ishimori Nijika
86%
Sato Shiori
86%
Suzumoto Miyu
86%
Uemura Rina
84%
Yonetani Nanami
82%
Takemoto Yui
80%
Fujiyoshi Karin
76%
Inoue Rina
76%
Matsuda Rina
76%
Tamura Hono
73%
Yamasaki Ten
73%
Matsudaira Riko
71%
Morita Hikaru
69%
Seki Yumiko
65%
Harada Mayu
63%
Suzuki Mizuho
51%
No matching quizzes found
Score Distribution
Percent of People with Each Score
Percentile by Number Answered
Your Score History
You have not taken this quiz